| 000 | 01082aab a2200241 i 4500 | ||
|---|---|---|---|
| 001 | 768714001 | ||
| 003 | CO-MdFUSB | ||
| 005 | 20240715122357.0 | ||
| 008 | 240715t2003 sz ||||| |||| 00| 0 eng d | ||
| 040 |
_bspa _cCO-MdFUSB |
||
| 041 | _aeng | ||
| 100 | 1 |
_aRéamonn, Páraic _eautor |
|
| 245 |
_aEconomic justice _c/ Páraic Réamonn |
||
| 520 | _aPara muchos países, la década de 1990 fue una década de desesperación. En un informe sobre desarrollo humano de la ONU muestra el aumento de la pobreza en más de una cuarta parte de los países del mundo, donde las políticas económicas fallidas se combinaron con el hambre, los conflictos y el VIH/SIDA para hacer retroceder el reloj. | ||
| 546 | _aTexto en inglés. | ||
| 650 | 7 |
_aDerechos humanos _9296 |
|
| 650 | 0 |
_aIglesia y problemas mundiales _9912 |
|
| 650 | 0 |
_aJusticia social _91851 |
|
| 650 | 7 |
_aJusticia y política _96934 |
|
| 773 | 0 |
_tReformed World _049396 _959510 _gVolumen 53, (número 2 & 3, 2003) páginas: 106 - 114 _qpágina: 106 |
|
| 942 | _cANA | ||
| 945 | _aCatherine Arias Álvarez - Practicante SENA | ||
| 999 |
_c55649 _d55649 |
||